00321pab a2200133 454500008004000000100001400040245005800054260000900112300000800121362001000129650002200139650001400161773001200175180718b1999 xxu||||| |||| 00| 0 eng d aSahay, S. aSignificant signals: panchayati raj on firmer footing c1999 ap.8 a7 Apr aRural development aPanchayat aTribune